000 00372nam a22001577a 4500
003 OSt
008 220615b ||||| |||| 00| 0 eng d
020 _a978935424150
082 _a681.761 WEM
100 _aWebster, John Ed
245 _aMedical Instrumentation
260 _aNew Delhi
_bWiley
_c2021
300 _a631
700 _aNimunkar,Amit J Ed
942 _2ddc
_cBK
999 _c11375
_d11375